000 00722nam a2200253 a 4500
005 20140310183449.0
008 090116s19uu xx 00 eng d
020 _a9780071265560
050 _aHM 1221
_b.P82 2007
100 _aLattimore, Dan
245 _aPublic relations :
_bthe profession and the practice /
_cDan Lattimore
250 _a2nd ed.
260 _aBoston :
_bMcGraw-Hill,
_c2007.
300 _a385 p. :
_bcol. ill. ;
_c26 cm.
521 _aMC
650 _aMasscommunication.
650 _aPublic relations.
650 _aPublic relations
_xUnietd States.
700 _aBaskin, Otis
700 _aHeiman, Suzette T.
700 _aToth, Elizabeth L.
942 _cBK
_2lcc
_kFOR
999 _c23357
_d23357